00225nam a2200097Ia 4500008004100000082001400041100001700055245002400072260001800096600001300114241002s9999 xx 000 0 und d a419.4 ELS aElsdon, Best 4aThe Maori as he was aLondon:c1924 aLanguges